书目信息 |
| 题名: |
化学分析方法与技术研究
|
|
| 作者: | 苏候香 , 白慧云 , 陈亚红 编著 | |
| 分册: | ||
| 出版信息: | 北京 中国水利水电出版社 2013.9 |
|
| 页数: | 262页 | |
| 开本: | 26cm | |
| 丛书名: | ||
| 单 册: | ||
| 中图分类: | O651 | |
| 科图分类: | ||
| 主题词: | 化学分析--研究 | |
| 电子资源: | ||
| ISBN: | 978-7-5170-1280-1 | |
| 000 | 00968nam0 2200253 450 | |
| 001 | 0400009420 | |
| 005 | 20171120211914.0 | |
| 010 | @a978-7-5170-1280-1@dCNY62.00 | |
| 100 | @a20140429d2013 em y0chiy50 ea | |
| 101 | 0 | @achi |
| 102 | @aCN@b110000 | |
| 105 | @aa z 001yy | |
| 106 | @ar | |
| 200 | 1 | @a化学分析方法与技术研究@Ahua xue fen xi fang fa yu ji shu yan jiu@f苏候香,白慧云,陈亚红编著 |
| 210 | @a北京@c中国水利水电出版社@d2013.9 | |
| 215 | @a262页@c图@d26cm | |
| 330 | @a本书包括了绪论、酸碱滴定法、配位滴定法、氧化还原滴定法、沉淀滴定法、重量分析法、原子光谱分析法、分子光谱分析法、电化学分析法、色谱分析法和复杂物质分析法11章的内容。书中每一章都科学有层次地介绍了化学分析方法的基本内容和理论知识。 | |
| 606 | 0 | @a化学分析@x研究 |
| 690 | @aO651@v5 | |
| 701 | 0 | @a苏候香@Asu hou xiang@4编著 |
| 701 | 0 | @a白慧云@Abai hui yun@4编著 |
| 701 | 0 | @a陈亚红@Achen ya hong@4编著 |
| 801 | 0 | @aCN@b上海新华@c20171120 |
| 905 | @b1028789-93@dO651@e190@f5 | |
| 化学分析方法与技术研究/苏候香,白慧云,陈亚红编著.-北京:中国水利水电出版社,2013.9 |
| 262页:图;26cm |
| ISBN 978-7-5170-1280-1:CNY62.00 |
| 本书包括了绪论、酸碱滴定法、配位滴定法、氧化还原滴定法、沉淀滴定法、重量分析法、原子光谱分析法、分子光谱分析法、电化学分析法、色谱分析法和复杂物质分析法11章的内容。书中每一章都科学有层次地介绍了化学分析方法的基本内容和理论知识。 |
| ● |
| 相关链接 |
|
|
|
|
正题名:化学分析方法与技术研究
索取号:O651/190
 
预约/预借
| 序号 | 登录号 | 条形码 | 馆藏地/架位号 | 状态 | 备注 |
| 1 | 1028789 | 210287893 | 第二样本阅览室/ [索取号:O651/190] | 在馆 | |
| 2 | 1028790 | 210287900 | 密集书库-化学系/ [索取号:O651/190] | 在馆 | |
| 3 | 1028791 | 210287919 | 第三借阅区/ [索取号:O651/190] | 在馆 | |
| 4 | 1028792 | 210287928 | 第三借阅区/ [索取号:O651/190] | 在馆 | |
| 5 | 1028793 | 210287937 | 第三借阅区/ [索取号:O651/190] | 在馆 |